书目信息 |
| 题名: |
工业机器人集成系统与模块化
|
|
| 作者: | 李慧 , 马正先 , 马辰硕 著 | |
| 分册: | ||
| 出版信息: | 北京 化学工业出版社 2018 |
|
| 页数: | 223页 | |
| 开本: | 24cm | |
| 丛书名: | "中国制造2025"出版工程 | |
| 单 册: | ||
| 中图分类: | TP242.2 | |
| 科图分类: | ||
| 主题词: | 工业机器人--gong ye ji qi ren--系统集成技术 | |
| 电子资源: | ||
| ISBN: | 978-7-122-31894-7 | |
| 000 | 01158nam 2200301 450 | |
| 001 | 1958220971 | |
| 005 | 20181101152640.6 | |
| 010 | @a978-7-122-31894-7@dCNY 69.00 | |
| 099 | @aCAL 012018138118 | |
| 100 | @a20181009d2018 em y0chiy50 ea | |
| 101 | 0 | @achi |
| 102 | @aCN@b110000 | |
| 105 | @aa a 001yy | |
| 200 | 1 | @a工业机器人集成系统与模块化@Agong ye ji qi ren ji cheng xi tong yu mo kuai hua@f李慧, 马正先, 马辰硕著 |
| 210 | @a北京@c化学工业出版社@d2018 | |
| 215 | @a223页@c图@d24cm | |
| 225 | 2 | @a"中国制造2025"出版工程@A" zhong guo zhi zao 2025" chu ban gong cheng |
| 300 | @a国家出版基金项目 “十三五”国家重点出版物出版规划项目 | |
| 320 | @a有书目和索引 | |
| 330 | @a本书围绕工业机器人集成系统与模块化,从开发角度出发,对工业机器人规划与控制、机器人结构优化及组合模块结构形式等进行理论探讨,对工业机器人本体及零部件进行应用开发。 | |
| 410 | 0 | @12001 @a"中国制造2025"出版工程 |
| 606 | 0 | @a工业机器人@Agong ye ji qi ren@x系统集成技术 |
| 690 | @aTP242.2@v5 | |
| 701 | 0 | @a李慧@Ali hui@4著 |
| 701 | 0 | @a马正先@Ama zheng xian@4著 |
| 701 | 0 | @a马辰硕@Ama chen shuo@4著 |
| 801 | 0 | @aCN@bNJU@c20181101 |
| 905 | @aBZT@dTP242.2@e11 | |
| 工业机器人集成系统与模块化/李慧, 马正先, 马辰硕著.-北京:化学工业出版社,2018 |
| 223页:图;24cm.-("中国制造2025"出版工程) |
| 国家出版基金项目 “十三五”国家重点出版物出版规划项目 |
| ISBN 978-7-122-31894-7:CNY 69.00 |
| 本书围绕工业机器人集成系统与模块化,从开发角度出发,对工业机器人规划与控制、机器人结构优化及组合模块结构形式等进行理论探讨,对工业机器人本体及零部件进行应用开发。 |
| ● |
| 相关链接 |
|
|
|
正题名:工业机器人集成系统与模块化
索取号:TP242.2/11
 
预约/预借
| 序号 | 登录号 | 条形码 | 馆藏地/架位号 | 状态 | 备注 |
| 1 | 865186 | 2000865186 | 第二书库/ [索取号:TP242.2/11] | 在馆 | |
| 2 | 865187 | 2000865187 | 第二书库/ [索取号:TP242.2/11] | 在馆 | |
| 3 | 865188 | 2000865188 | 第二书库/ [索取号:TP242.2/11] | 在馆 |